| 000 | 00498cam a2200205 4500 | ||
|---|---|---|---|
| 001 | J94259 | ||
| 008 | 090401t1998 xxu||||| |||| 00| 0 eng d | ||
| 035 | _a(Sirsi) u88875 | ||
| 041 | _aeng | ||
| 050 | _a333.337 | ||
| 110 |
_aDTZ Debenham Thorpe _92895 |
||
| 245 | _aCall centres report. | ||
| 260 |
_aLondon _bDTZ Debenham Thorpe _c1998 |
||
| 300 | _a(8)p. ; 30cm. | ||
| 350 | _a0 | ||
| 650 | _aCALL CENTRES | ||
| 690 | _aPROPERTY-COMMERCIAL PROPERTY | ||
| 942 | _n0 | ||
| 948 | _c07/10/1998 | ||
| 999 |
_c97392 _d97392 |
||